Biblioteca

Biblia y ecología : (Registro nro. 51976)

Detalles MARC
000 -LÍDER
Campo fijo de descripción fija 01153aab a2200193 i 4500
001 - NÚMERO DE CONTROL
Campo de control 768714001
003 - IDENTIFICADOR DEL NÚMERO DE CONTROL
Campo de control CO-MdFUSB
005 - FECHA Y HORA DE LA ULTIMA TRANSACCIÓN
control field 20240320115425.0
008 - ELEMENTOS DE LONGITUD FIJA -- INFORMACIÓN GENERAL
Campo fijo de descripción fija -- Información general 240318t1992 ag ||||| |||| 00| 0 spa d
040 ## - FUENTE DE CATALOGACIÓN
Idioma de catalogación spa
Agencia que realiza la transcripción CO-MdFUSB
041 ## - CÓDIGO DE IDIOMA
Código de idioma para texto/pista de sonido o título separado spa
100 1# - ASIENTO PRINCIPAL--NOMBRE PERSONAL
Nombre personal Palomino Muñoz, Juan
Término relacionador autor
245 10 - TÍTULO
Título Biblia y ecología :
Subtitulo reflexiones bíblicas de un Don Quijote
Mención de responsabilidad / Juan Palomino Muñoz
300 ## - DESCRIPCIÓN FÍSICA
Extensión Volumen 11, número 4 (octubre - diciembre, 1992), páginas: 10 - 12
Dimensiones ; 27 cm
520 ## - NOTA DE RESUMEN, ETC.
Nota de sumario, etc. Ante el espectáculo que ofrece el mundo como efecto del pecado tanto de Adán como de Caín, cabe preguntarnos qué papel desempeñamos los hombres a los que nos queda aún un poco de razón. La conservación de la ecología no es un asunto meramente romántico, sino de vida o muerte para los habitantes del planeta tierra. Toda acción de defensa del hábitat humano es defensa de su sobrevivencia. Si no lo hacemos, ponemos en riesgo la sobrevivencia de esta especie humana.
650 #7 - ASIENTO SECUNDARIO DE MATERIA - TERMINO TEMÁTICO
Término temático o nombre geográfico como elemento de entrada Ecología
9 (RLIN) 7099
773 0# - ASIENTO DE ITEM FUENTE
Título Iglesia y Misión
Biblionumber 49402
Itemnumber 59656
Parte(s) relacionada(s) / Volumen., número. (mes año), páginas Volumen 11, número 4 (octubre - diciembre, 1992), páginas: 10 - 12
Enumeración y primera página páginas: 10
942 ## - TIPO DE MATERIAL (KOHA)
Tipo de Item KOHA Artículos de Revista

No hay ítems disponibles.

Biblioteca FUSBC | Teléfono: (57+4) 349 88 10 Ext. 141| WhatsApp (+57) 3005338115 
E-mail: biblioteca@unisbc.edu.co | Calle 76 87-14 Robledo Palenque, Medellín, Colombia

Con tecnología Koha